Terminologická práce ve střediscích VTEI a redakcích
Gespeichert in:
| 1. Verfasser: | |
|---|---|
| Weitere Verfasser: | |
| Format: | Buch |
| Sprache: | Tschechisch |
| Veröffentlicht: |
Praha
Ústředí vědeckých, technických a ekonomických informací
1986
|
| Schriftenreihe: | Metodické studie
č.147 |
| Tags: |
Keine Tags, Fügen Sie das erste Tag hinzu!
|
MARC
| LEADER | 00000nam a2200000 4500 | ||
|---|---|---|---|
| 001 | c022890 | ||
| 005 | 20251204112031.5 | ||
| 041 | 0 | |a cze | |
| 044 | |a CZ | ||
| 245 | 1 | 0 | |a Terminologická práce ve střediscích VTEI a redakcích |c Marta Nálevková, Viera Šimová |
| 264 | 1 | |a Praha |b Ústředí vědeckých, technických a ekonomických informací |c 1986 | |
| 300 | |a 103 s. | ||
| 490 | 1 | |a Metodické studie |v č.147 | |
| 830 | 0 | |a Metodické studie |v č.147 | |
| 100 | 1 | |a Nálevková, Marta | |
| 700 | 1 | |a Šimová, Viera | |